[Event "FRA-ch U12"]
[Site "Montlucon"]
[Date "2011.04.17"]
[Round "1"]
[White "Roque, Gaetan"]
[Black "Mathis, Daniel"]
[Result "1-0"]
[WhiteElo "1583"]
[BlackElo "1870"]
[PlyCount "47"]
[EventDate "2011.04.17"]
[EventType "swiss"]
[EventRounds "9"]
[EventCountry "FRA"]
[SourceTitle "CBM 142 Extra"]
[Source "ChessBase"]
[SourceDate "2011.06.27"]
[SourceVersion "1"]
[SourceVersionDate "2011.06.27"]
[SourceQuality "1"]

1. d4 d5 2. Nf3 e6 3. c4 Nf6 4. e3 c6 5. Nc3 Nbd7 6. Bd3 Be7 7. 0-0 0-0 8. Ne5 Nxe5 9. dxe5 Nd7 10. f4 f5 11. cxd5 cxd5 12. Rf3 b6 13. Rh3 Rf7 14. Nxd5 exd5 15. e6 Rf6 16. exd7 Qxd7 17. b3 Rf7 18. Bb2 Bb7 19. Qh5 g6 20. Qxg6+ Kf8 21. Rxh7 Rxh7 22. Qxh7 Bc8 23. Bg7+ Kf7 24. Bh6+ 1-0